[Event "Tancats de l'Urgell D"]
[Site "Tarrega"]
[Date "2011.04.15"]
[Round "2.3"]
[White "Alferez Valls, Ramon"]
[Black "Marti Pajuelo, Manel"]
[Result "1-0"]
[WhiteElo "1858"]
[BlackElo "1797"]
[PlyCount "23"]
[EventDate "2011.04.08"]
[EventType "tourn"]
[EventRounds "9"]
[EventCountry "ESP"]
[SourceTitle "EXT 2023"]
[Source "ChessBase"]
[SourceDate "2022.10.05"]
[SourceVersion "1"]
[SourceVersionDate "2022.10.05"]
[SourceQuality "1"]

1. d4 d5 2. c4 Nf6 3. Nc3 c6 4. Bg5 h6 5. Bh4 Nbd7 6. e3 dxc4 7. Bxc4 Nb6 8. Bb3 Bf5 9. Nf3 Bg4 10. h3 Bh5 11. Ne5 Bxd1 12. Bxf7# 1-0

[Event "Tancats de l'Urgell D"]
[Site "Tarrega"]
[Date "2011.04.08"]
[Round "1.4"]
[White "Marti Pajuelo, Manel"]
[Black "Pareja Guerrero, Francisco J"]
[Result "0-1"]
[WhiteElo "1797"]
[BlackElo "1900"]
[PlyCount "66"]
[EventDate "2011.04.08"]
[EventType "tourn"]
[EventRounds "9"]
[EventCountry "ESP"]
[SourceTitle "EXT 2023"]
[Source "ChessBase"]
[SourceDate "2022.10.05"]
[SourceVersion "1"]
[SourceVersionDate "2022.10.05"]
[SourceQuality "1"]

1. g4 d5 2. Bg2 c6 3. h3 e5 4. d3 Bc5 5. e3 Ne7 6. Nd2 Ng6 7. Nb3 Bb6 8. d4 Nh4 9. Bf1 e4 10. Bd2 a5 11. f4 exf3 12. Nxf3 Bc7 13. Nxh4 Qxh4+ 14. Ke2 Bxg4+ 15. hxg4 Qxh1 16. Qe1 Qh2+ 17. Qf2 Qxf2+ 18. Kxf2 h5 19. Be2 hxg4 20. Bxg4 a4 21. Nc1 f5 22. Bxf5 Rf8 23. Ne2 Rxf5+ 24. Kg2 Na6 25. Rh1 0-0-0 26. Rh7 Rdf8 27. Be1 Rg5+ 28. Kh3 Rf3+ 29. Kh4 Bd8 30. Ba5 Nc7 31. Nf4 Rg1+ 32. Kh5 Rh1+ 33. Kg6 Rg3+ 0-1